Villes-arrondissements d'Allemagne sur une carte - Statistiques

Statistiques générales
  • Ce quiz a été pris 22 fois
  • Le résultat moyen est 52 sur 106
Réponses sur la Carte
Les réponses sont colorées sur une échelle allant du rouge au vert en fonction du pourcentage des utilisateurs qui les ont devinées à leur premier essai. Vous pouvez retrouver ces pourcentages ci-dessous.
 
Statistiques - réponses
Ville-Arrondissement % Correct
Berlin
100%
Francfort-sur-le-Main
100%
Hambourg
100%
Leipzig
100%
Munich
100%
Brême
95%
Cologne
95%
Nuremberg
95%
Dortmund
89%
Essen
89%
Kiel
89%
Potsdam
89%
Stuttgart
89%
Dresde
84%
Düsseldorf
84%
Karlsruhe
84%
Mannheim
84%
Mayence
84%
Rostock
84%
Ulm
84%
Augsbourg
74%
Bonn
74%
Coblence
74%
Cottbus
74%
Erfurt
74%
Fribourg-en-Brisgau
74%
Iéna
74%
Bielefeld
68%
Ingolstadt
68%
Lübeck
68%
Münster
68%
Ratisbonne
68%
Trèves
68%
Kaiserslautern
63%
Leverkusen
63%
Wolfsbourg
63%
Baden-Baden
58%
Bochum
58%
Bremerhaven
58%
Magdebourg
58%
Mönchengladbach
58%
Duisbourg
53%
Gelsenkirchen
53%
Heidelberg
53%
Brandebourg-sur-la-Havel
47%
Brunswick
47%
Cassel
47%
Chemnitz
47%
Darmstadt
47%
Halle
47%
Osnabrück
47%
Passau
47%
Wuppertal
47%
Wurtzbourg
47%
Fürth
42%
Hof
42%
Francfort-sur-l'Oder
37%
Ludwigshafen
37%
Memmingen
37%
Oldenbourg
37%
Schwerin
37%
Weimar
37%
Aschaffenbourg
32%
Flensbourg
32%
Gera
32%
Heilbronn
32%
Landau in der Pfalz
32%
Offenbach-sur-le-Main
32%
Pforzheim
32%
Wiesbaden
32%
Ansbach
26%
Bottrop
26%
Cobourg
26%
Deux-Ponts
26%
Emden
26%
Erlangen
26%
Hagen
26%
Kempten (Allgäu)
26%
Pirmasens
26%
Rosenheim
26%
Solingen
26%
Worms
26%
Bayreuth
21%
Hamm
21%
Herne
21%
Krefeld
21%
Landshut
21%
Oberhausen
21%
Salzgitter
21%
Schweinfurt
21%
Spire
21%
Suhl
21%
Amberg
16%
Bamberg
16%
Delmenhorst
16%
Dessau-Roßlau
16%
Frankenthal (Palatinat)
16%
Kaufbeuren
16%
Mülheim an der Ruhr
16%
Neumünster
16%
Neustadt an der Weinstraße
16%
Schwabach
16%
Straubing
16%
Weiden in der Oberpfalz
16%
Wilhelmshaven
16%
Remscheid
11%
Aucun quiz correspondant
Distribution des résultats
% des personnes avec chaque résultat
Percentile par nombre de réponses
Votre historique - résultats
Vous n’avez pas pris ce quiz